ბათუმის შოთა რუსთაველის სახელმწიფო უნივერსიტეტის ბიბლიოთეკა

Промышленная экология и региональное природопользование (ბიბ.ჩანაწერი № 45376)

000 -LEADER
fixed length control field 00882nam a2200229Ia 4500
001 - CONTROL NUMBER
control field 12200
003 - CONTROL NUMBER IDENTIFIER
control field GE_BSU
008 - FIXED-LENGTH DATA ELEMENTS--GENERAL INFORMATION
fixed length control field 181216s||||||||xx |||||||||||||| ||und||
020 ## - INTERNATIONAL STANDARD BOOK NUMBER
International Standard Book Number 9785912590344
040 ## - CATALOGING SOURCE
Transcribing agency GE_BSU
100 ## - MAIN ENTRY--PERSONAL NAME
Personal name Мусихина,Т.А.; Нифонов,Ю.А.
245 ## - TITLE STATEMENT
Title Промышленная экология и региональное природопользование
245 ## - TITLE STATEMENT
Remainder of title Нормативно-правовые основы деятельности. Справочник
260 ## - PUBLICATION, DISTRIBUTION, ETC.
Place of publication, distribution, etc. СПБ
260 ## - PUBLICATION, DISTRIBUTION, ETC.
Name of publisher, distributor, etc. НПО "Профессионал
260 ## - PUBLICATION, DISTRIBUTION, ETC.
Date of publication, distribution, etc. 2009
300 ## - PHYSICAL DESCRIPTION
Extent 380стр.27см.
653 ## - INDEX TERM--UNCONTROLLED
Uncontrolled term Нормативно-правовые основы деятельности
653 ## - INDEX TERM--UNCONTROLLED
Uncontrolled term Промышленная экология и региональное природопользование
942 ## - ADDED ENTRY ELEMENTS (KOHA)
Koha item type წიგნი
ეგზემპლარები
Withdrawn status Lost status Damaged status Not for loan Date acquired Barcode Date last seen Price effective from Koha item type Public note
        2018-12-17 36052 2018-12-17 2018-12-17 წიგნი  
        2018-12-17 36053 2018-12-17 2018-12-17 წიგნი საინჟ-ტექნოლ.ფაკ-ს ბიბლ-შია
        2018-12-17 36054 2018-12-17 2018-12-17 წიგნი საინჟ-ტექნოლ.ფაკ-ს ბიბლ-შია